The European Parliament, the national parliaments, and European integration /

Bibliographic Details
Other Authors: Katz, Richard S., Wessels, Bernhard, 1955-
Format: Book
Language:English
Published: New York : Oxford University Press, 1999.
Subjects:

MARC

Tag First Indicator Second Indicator Subfields
LEADER 00000cam a22000004a 4500
001 in00001507821
005 20151021102718.0
008 990326s1999 nyu b 001 0 eng
010 |a  99028123  
015 |a GB99-49501 
019 |a 41833680 
020 |a 0198296606 
035 |a (OCoLC)41090886 
035 |9 AJL1529AM 
040 |a DLC  |c DLC  |d C#P  |d VVC  |d UKM  |d TXA  |d UtOrBLW 
042 |a pcc 
043 |a e------ 
049 |a TXAM 
050 0 0 |a JN36  |b .E9545 1999 
082 0 0 |a 328.4  |2 21 
245 0 4 |a The European Parliament, the national parliaments, and European integration /  |c edited by Richard S. Katz and Bernhard Wessels. 
264 1 |a New York :  |b Oxford University Press,  |c 1999. 
300 |a xiv, 278 pages ;  |c 23 cm. 
336 |a text  |b txt  |2 rdacontent 
337 |a unmediated  |b n  |2 rdamedia 
338 |a volume  |b nc  |2 rdacarrier 
504 |a Includes bibliographical references and index. 
505 0 |a Representation, the locus of democratic legitimation, and the role of the national parliaments in the European Union / Richard S. Katz -- Making Europeans? The socializing power of the European parliament / Mark N. Franklin and Susan E. Scarrow -- Role orientations in parliaments / Richard S. Katz -- Recruitment into the European parliament / Pippa Norris -- European parliament and interest groups / Bernhard Wessels -- Partisan structures in the European parliament / Jacques Thomassen and Hermann Schmitt -- What kind of future; why? / Peter Esaiasson -- Which competencies for which political level? / Bernhard Wessels and Achim Kielhorn -- Policy evaluation / Michael Marsh -- Decision-making and institutional change / Bernhard Wessels -- Parliaments and democracy in Europe in the era of the Euro / Richard S. Katz and Bernhard Wessels. 
610 2 0 |a European Parliament. 
650 0 |a Legislative bodies  |z European Union countries. 
610 2 4 |a European Parliament. 
650 4 |a Legislative bodies  |z European Union countries. 
700 1 |a Katz, Richard S. 
700 1 |a Wessels, Bernhard,  |d 1955- 
994 |a E0  |b TXA 
948 |a cataloged  |b h  |c 2000/3/7  |d c  |e cer  |f 3:31:36 pm 
999 |a MARS 
999 f f |s 9f65a020-e31a-3996-80c3-222879afdd14  |i e093af18-5367-330e-b6d3-11e8b14799fe  |t 0 
952 f f |p ric  |a Texas A&M University  |b Rellis Campus  |c Joint Library Facility  |d Remote Storage  |t 0  |e JN36 .E9545 1999  |h Library of Congress classification  |i unmediated -- volume  |m A14825781377 
998 f f |a JN36 .E9545 1999  |t 0  |l Remote Storage